| 000 | 00783nam a2200313Ia 4500 | ||
|---|---|---|---|
| 008 | 171025s9999 xx 000 0 und d | ||
| 020 | _a9780143113621 | ||
| 050 | _a973.93 | ||
| 050 | _bG666 2007 | ||
| 100 | _aGore, Al | ||
| 245 | 4 | _aThe assault on reason / | |
| 245 | _cby Al Gore. | ||
| 260 | _aLondon : | ||
| 260 | _bPenguin Books, | ||
| 260 | _c2007 | ||
| 300 | _a308 pages : | ||
| 300 | _billustrations ; | ||
| 300 | _c21cm. | ||
| 500 | _aIncludes notes and index. | ||
| 650 | _aDemocracy -- | ||
| 650 | _aPolitical culture -- | ||
| 650 | _aReason -- | ||
| 650 | _aUnited States -- | ||
| 650 | _xPolitics and government. | ||
| 650 | _xSocial aspects -- United States. | ||
| 650 | _xUnited States. | ||
| 650 | _xUnited States. | ||
| 700 | _aTitle. | ||
| 999 |
_c344814 _d344814 |
||